000 00332 a2200109 4500
001 ART_8979
005 20260410161834.0
008 260409a
245 1 0 _aLa operativa aduanera de importación
100 1 _aFratalocchi, Aldo
773 0 _tContabilidad y administración
_g- Año 3, Nº 33 (mar. 1980)
_wREV5485
999 _c23508
_d23508